Η συμβολή του Καρόλου Μαρξ στην επιστήμη της ιστορίας
Αποθηκεύτηκε σε:
| Κύριος συγγραφέας: | |
|---|---|
| Μορφή: | Βιβλίο |
| Γλώσσα: | Greek |
| Δημοσίευση: |
Αθήνα :
Ε.Μ.Ν.Ε.; Μνήμων,
1981
|
| Σειρά: | Θεωρία και μελέτες ιστορίας ;
; 2 |
| Θέματα: | |
| Ετικέτες: |
Προσθήκη ετικέτας
Δεν υπάρχουν, Καταχωρήστε ετικέτα πρώτοι!
|
MARC
| LEADER | 00000nam a2200000 i 4500 | ||
|---|---|---|---|
| 001 | 1/97086 | ||
| 008 | 950201s1981 gre d | ||
| 035 | |l 10010425 | ||
| 040 | |a GR-MY-UA |b gre |e aacr | ||
| 041 | 0 | |a gre | |
| 082 | 0 | |a 907.202 | |
| 100 | 1 | |a Hobsbawm, E. J. |q (Eric J.), |d 1917-2012. | |
| 245 | 1 | 2 | |a Η συμβολή του Καρόλου Μαρξ στην επιστήμη της ιστορίας / |c Eric J. Hobsbsawm |
| 260 | |a Αθήνα : |b Ε.Μ.Ν.Ε.; Μνήμων, |c 1981 | ||
| 300 | |a 31 σ. | ||
| 490 | 1 | |a Θεωρία και μελέτες ιστορίας |v ; 2 | |
| 600 | 1 | 0 | |a Marx, Karl, |d 1818-1883. |
| 650 | 0 | 0 | |a Historiography. |
| 830 | 0 | |a Θεωρία και μελέτες ιστορίας ; |v ; 2 | |
| 852 | |a INST |b LESVOS |e 19950201 |h 907.202 HOB |p 005100003087 |q 005100003087 |t BK |y 0 | ||
| 909 | |a Λ |b 020746 | ||